000 01807nam a2200517 i 4500
001 30346
003 KOSZ 005
005 20240405063050.0
008 970510s1993 pl a |000 0 pol
015 _aUWD 1994/4503
020 _a8385949127
035 _a991000495049705066
035 _a(PL-WaBN)b10174606-48omnis_nlop
035 _ab10174606
035 _a(OCoLC)751527682
035 _a(PL)b0000001017460
035 _a(EXLNZ-48OMNIS_NETWORK)9910327007405606
040 _aWA N
_cWA N
_dKOSZ 005/HR
041 0 _apol
_beng
046 _k1993
080 _a539.16.08
080 _a504(438)
245 0 0 _aSkażenia promieniotwórcze środowiska i żywności w Polsce w 1992 roku /
_c[zespół aut. : Dariusz Grabowski et al.] ; Państwowa Inspekcja Ochrony Środowiska. Państwowa Agencja Atomistyki.
260 _aWarszawa :
_b"Elwoj-Trio",
_c1993.
300 _a42, [1] s. :
_bmapy, wykr. ;
_c24 cm.
336 _aTekst
_btxt
_2rdacontent
337 _aBez urządzenia pośredniczącego
_bn
_2rdamedia
338 _aWolumin
_bnc
_2rdacarrier
380 _aKsiążki
490 1 _aBiblioteka Monitoringu Środowiska
504 _aBibliogr. s. 37-38. - Summ.
648 7 _a1901-2000
648 7 _a1989-2000
650 7 _aDegradacja środowiska
_2DBN
650 7 _aIzotopy promieniotwórcze
_2DBN
650 7 _aŻywność
_2DBN
650 7 _aPromieniotwórczość
651 _aPolska
658 _aOchrona środowiska
658 _aFizyka i astronomia
700 1 _aGrabowski, Dariusz
_eOpracowanie
830 0 _aBiblioteka Monitoringu Środowiska
856 _uhttp://koha.tu.koszalin.pl/cgi-bin/koha/opac-detail.pl?biblionumber=30346
_yKatalog online BPK
942 _2UKD
_cKS
999 _c30346
_d30346